Movies Quiz

Random Movies or Letter Quiz
Score 0/26 Timer 05:00
0 Plays Today
% Correct
Belle
91%
Nemo
89%
Ariel
88.2%
Mulan
88.1%
Snow White
83.8%
Olaf
82.1%
Rapunzel
74.4%
Ursula
73.8%
Zazu
73.7%
Pocahontas
69.6%
Yzma
61%
Jack Jack
60.4%
Lilo
52.7%
% Correct
Esmeralda
44.8%
Coco
39.1%
Queen of Hearts
34.1%
Genie
30.9%
Frozone
28.7%
Hades
28.3%
Wall-E
28.2%
Vanellope Von Schweetz
27.7%
Kevin
26.9%
Disgust
18.2%
Tamatoa
10%
Ian Lightfoot
6.9%
Rex
6.4%
Remove Ads.
Support Sporcle.
Get the best of Sporcle when you Go Orange. This ad-free experience offers more features, more stats, and more fun while also helping to support Sporcle. Thank you for becoming a member.

You're not logged in!

Compare scores with friends on all Sporcle quizzes.
OR
Log In

Show Comments

Extras

Top Quizzes Today


Score Distribution

Your Account Isn't Verified!

In order to create a playlist on Sporcle, you need to verify the email address you used during registration. Go to your Sporcle Settings to finish the process.

Report this User

Report this user for behavior that violates our Community Guidelines.

Details: